000 00785cam a22002657a 4500
003 CHAP
005 20220329135333.0
008 971013s1973 r 00010 d
010 _a34641
011 _a35613
035 _a39729
040 _cCHAP
082 _a500
_bM4
100 0 0 _aMerton, Robert K.
_975041
245 1 4 _aThe sociology of science
_b: theorical and empirical investigations
260 _aChicago :
_bUniversity of Chicago,
_c1973
300 _a605 p
590 _aBATCH-UPD
_b10
_c20130110
_lUCH01
_h0129
590 _aBATCH-UPD
_b10
_c20130110
_lUCH01
_h1741
590 _aCONVERSION
_b10
_c20130109
_lUCH01
_h1319
650 1 4 _aCiencia y sociedad.
_923155
901 _aBK
942 _cLIBRO
949 _a500 M4
_bBC
_cLIBRO
_d33724000382149
_eLIBRO
_h57361
_i39729
_si
999 _c34641
_d34641